| 000 | 01067cam a2200289 a 4500 | ||
|---|---|---|---|
| 001 | 000006000 | ||
| 003 | OSt | ||
| 005 | 20200929151858.0 | ||
| 008 | 990107s1998 mx 001 p spa | ||
| 020 | _a9688566241 | ||
| 040 |
_aDO-SdBNP _bspa _cBNPHU |
||
| 082 |
_aM861.44 _bC313a |
||
| 100 | 1 |
_aCarrasco Bretón, Arturo, _d1952- _916902 |
|
| 245 | 1 | 0 |
_aAcolmiztli, un poema prehispánico : _bcamino y huella de Nezahualcóyotl, séptimo monarca de Texcoco / _cArturo Carrasco Bretón. |
| 246 | 3 | 0 | _aCamino y huella de Nezahualcóyotl, séptimo monarca de Texcoco |
| 260 |
_aMéxico. : _bPlaza y Valdés, _c1998. |
||
| 300 |
_a337 p. ; _c23 cm. |
||
| 500 | _aIncluye datos biográficos del autor en la solapa de la portada. | ||
| 504 | _aBibliografía : p. 333-336 | ||
| 590 | _aLa biblioteca posee 1 ejemplar autobiografiado por el autor. | ||
| 590 | _aInventariado, 2020/ YL | ||
| 650 | 4 |
_aPoesía mexicana _99120 |
|
| 650 | 4 |
_aLiteratura mexicana _ySIGLO XX _99216 |
|
| 910 | _aValidado. Control de calidad MFF | ||
| 942 |
_2ddc _cLF1 |
||
| 956 | _aYLOCKWARD | ||
| 999 |
_c5796 _d5796 |
||